Online
Catalog

Implementación de los planes provinciales a favor de la niñez y la mujer en las provincias del Nordeste Cibao Central de la República Dominicana : (Record no. 29522)

MARC details
000 -CABECERA
campo de control de longitud fija 00686nam a2200169 a 4500
001 - NÚMERO DE CONTROL
campo de control 000030030
005 - FECHA Y HORA DE LA ÚLTIMA TRANSACCIÓN
campo de control 20240528201512.0
008 - DATOS DE LONGITUD FIJA--INFORMACIÓN GENERAL
campo de control de longitud fija 110428s2003 dr ac 000 0 spa d
040 ## - FUENTE DE LA CATALOGACIÓN
Centro catalogador/agencia de origen DO-SdBNP
Lengua de catalogación spa
Centro/agencia transcriptor BNPHU
049 ## - FONDOS LOCALES (OCLC)
Fondos de biblioteca BNPD
100 1# - ENTRADA PRINCIPAL--NOMBRE DE PERSONA
Nombre de persona Banca, Analía la
9 (RLIN) 56744
245 10 - MENCIÓN DE TÍTULO
Título Implementación de los planes provinciales a favor de la niñez y la mujer en las provincias del Nordeste Cibao Central de la República Dominicana :
Resto del título informe final de sistematización /
Mención de responsabilidad, etc. Analía la Banca, Elsie Doñé Molina.
260 ## - PUBLICACIÓN, DISTRIBUCIÓN, ETC.
Lugar de publicación, distribución, etc. Santo Domingo :
Nombre del editor, distribuidor, etc. UNICEF,
Fecha de publicación, distribución, etc. 2003
Fabricante Editorial Gente
300 ## - DESCRIPCIÓN FÍSICA
Extensión 57 p. :
Otras características físicas il., retrs. ;
Dimensiones 28 cm.
700 1# - PUNTO DE ACCESO ADICIONAL--NOMBRE DE PERSONA
Nombre de persona Doñé Molina, Elsie
9 (RLIN) 56745
710 2# - PUNTO DE ACCESO ADICIONAL--NOMBRE DE ENTIDAD CORPORATIVA
Nombre de entidad corporativa o nombre de jurisdicción como elemento de entrada UNICEF
9 (RLIN) 83236
Holdings
Estado de retiro Estado de pérdida Restricciones de uso No para préstamo Código de colección Localización permanente Ubicación/localización actual Ubicación en estantería Fecha de adquisición Número de inventario Total de préstamos Signatura topográfica completa Código de barras Fecha visto por última vez Número de copia Precio válido a partir de Tipo de ítem Koha
        Dominicana de Servicio General General En catalogación 05.05.2011 LF1   30030-30 25.06.2020 e. 3 25.06.2020 Libro y Folleto Colección Dominicana de Servicio
      Excluido de préstamo Patrimonio Dominicano Patrimonio Dominicano Patrimonio Dominicano En catalogación 28.04.2011 LF1   30030-10 25.06.2020   25.06.2020 Libro y Folleto Colección Patrimonio Dominicano
      Excluido de préstamo Patrimonio Dominicano Patrimonio Dominicano Patrimonio Dominicano En catalogación 05.05.2011 LF1   30030-20 25.06.2020 e. 2 25.06.2020 Libro y Folleto Colección Patrimonio Dominicano

Powered by Koha